| 000 | 00581nam a2200181Ia 4500 | ||
|---|---|---|---|
| 003 | GCL | ||
| 008 | 140319s9999 xx 000 0 ara d | ||
| 040 |
_aGCL / _cGCL |
||
| 082 | 0 | 4 |
_a634.6 _bم ا |
| 100 | 1 | _aجامعة الملك فيصل | |
| 245 | 1 | 0 |
_aاصدارات ندوة النخيل الثانية بالمملكة العربية السعودية / _cجامعة الملك فيصل |
| 260 |
_a[S.N] : _bدار المريخ للنشر ، _c1986 |
||
| 490 | _a | ||
| 650 | 0 | 4 | _aالزراعة |
| 650 | 0 | 4 | _aالسعودية |
| 650 | 0 | 4 | _aالنخيل |
| 942 |
_2ddc _cBK |
||
| 999 |
_c31554 _d31554 |
||